000 00475nam a2200145Ia 4500
008 231129s2016||||xx |||||||||||||| ||spa||
020 _a978-958-59116-3-5
040 _bspa
082 _a848 V935a
100 _aVoltaire Francois Marie Arouet de 1694-1774
245 0 _aAforismos: extraí­dos de su correspondencia
260 _c2016
264 _aBogotá Colombia : Asociación Colombiana de Libreros Independientes
942 _2ddc
_cBKS
999 _c3137
_d3137